00536nam a2200133Ia 4500008004100000100002300041245009000064245009800154260005300252260000900305300001200314650001500326856006100341170221s9999 xx 000 0 und d aAleksei V. Bogoviz aServices Infrastructure Forming in the Process of Transport Logistics Stock Movement  cAleksei V. Bogoviz, Yulia V. Ragulina, Svetlana V. Lobova, Boris M. Zhukov, Olga M. Stepanova bInternational Review of Management and Marketing c2016 a15 : 11 xMarketing. uhttp://www.econjournals.com/index.php/irmm/issue/view/86